Cuentos clásicos juveniles : (Record no. 12709)

MARC details
000 -CABECERA
campo de control de longitud fija 00513nam a2200181 a 4500
005 - FECHA Y HORA DE LA ÚLTIMA TRANSACCIÓN
campo de control 20220603063549.0
008 - ELEMENTOS DE LONGITUD FIJA--INFORMACIÓN GENERAL
campo de control de longitud fija 991125s1996 mx 000 0 spa u
020 ## - NÚMERO INTERNACIONAL NORMALIZADO PARA LIBROS
Número Internacional Estándar del Libro 9681903196
035 ## - NÚMERO DE CONTROL DEL SISTEMA
Número de control de sistema UPN01000012709
049 ## - COLECCIÓN
Colección I
050 #4 - SIGNATURA TOPOGRÁFICA DE LA BIBLIOTECA DEL CONGRESO
Número de clasificación PZ74
Número de documento/Ítem C83
245 00 - MENCIÓN DE TÍTULO
Título Cuentos clásicos juveniles :
Resto del título antología /
Mención de responsabilidad, etc. Ed. y pról. Conrado Zuluaga.
260 ## - PUBLICACIÓN, DISTRIBUCIÓN, ETC.
Lugar de publicación, distribución, etc. México :
Nombre del editor, distribuidor, etc. Alfaguara,
Fecha de publicación, distribución, etc. 1996.
300 ## - DESCRIPCIÓN FÍSICA
Extensión 124 p.
650 #4 - ASIENTO SECUNDARIO DE MATERIA - TERMINO TEMATICO
Término de materia o nombre geográfico como elemento de entrada Cuentos infantiles
9 (RLIN) 6744
700 1# - ASIENTO SECUNDARIO--NOMBRE DE PERSONAL
Nombre de persona Zuluaga Osorio, Conrado,
Término indicativo de función/relación pról.
905 ## - TIPO DE MATERIAL
Tipo de material Infantil
Holdings
Estado de retiro Estado de pérdida Fuente del sistema de clasificación o colocación Estado dañado No para préstamo Código de colección Localización permanente Ubicación/localización actual Ubicación en estantería Fecha de adquisición Clasificación Código de barras Fecha visto por última vez Número de copia Tipo de ítem Koha Total de préstamos
    Library of Congress Classification     Infantil Bib. Gregorio Torres Quintero Bib. Gregorio Torres Quintero Sala infantil Planta baja 10/05/2023 PZ74 C83 153100 31/12/2020 1 Libro  
    Library of Congress Classification     Infantil Bib. Gregorio Torres Quintero Bib. Gregorio Torres Quintero Sala infantil Planta baja 10/05/2023 PZ74 C83 153099 31/12/2020 1 Libro 1